Liedtext - Wildberry Lillet - Nina Chuba - Statistiken

Allgemein
  • Dieses Quiz wurde 843 mal gespielt
  • Das Durchschnittsergebnis liegt bei 280 aus 366
Antwortstatistiken
Textquiz % Korrekt
Ich
99%
ich
99%
will
98%
Will
98%
bei
96%
wie
96%
ein
95%
fliegen
95%
Lillet
95%
Marvel
95%
Wildberry
95%
'ne
93%
Immos
92%
und
90%
Zum
88%
zum
88%
der
87%
Dollars
87%
Frühstück
87%
Mama
86%
alle
85%
an
85%
für
85%
Für
85%
meine
85%
hab'
84%
Haus
84%
von
84%
Küste
83%
mir
83%
alles
81%
also
78%
Hunger
78%
nehm'
78%
Buffet
77%
vom
77%
da
75%
Canapés
74%
ein'n
70%
Catania
69%
ein'n
68%
das
67%
in
64%
Freunde
61%
wo
60%
haben
57%
auf
56%
dass
55%
wohn'n
55%
Straße
53%
Mars
52%
die
50%
Nina
50%
Beste
49%
Plakaten
48%
nach
46%
oben
44%
Besten
43%
besten
43%
immer
42%
keiner
39%
mich
39%
nicht
39%
sich
39%
Lila
38%
mit
38%
stapelt
37%
am
36%
Garage
35%
Garten
35%
Jet
35%
mei'm
35%
dein
34%
Spa
34%
seh'n
33%
Kaufe
32%
alt
31%
Gesicht
31%
werden
31%
bezahlt
30%
Flamingos
30%
Karten
30%
uns
30%
wenn
30%
Panorama
29%
Private
28%
Spaceship
28%
findet
27%
Tisch
27%
Welt
27%
Zeit
27%
Insel
25%
Südsee
25%
aufwach'
24%
hol'
24%
bleibt
23%
warten
23%
steh'n
22%
Champagner
20%
gratis
20%
Irgendwo
20%
baden
19%
Beach
19%
Becken
19%
Etagen
19%
Ocean
19%
vier
19%
Waves
17%
View
14%
Ey
6%
Keine übereinstimmenden Quizze gefunden
Verteilung der Resultate
Anzahl Personen mit jedem Resultat
Perzentil nach korrekt beantworteten Fragen
Ihre Resultats-Entwicklung
Sie haben dieses Quiz noch nicht gespielt